Welcome to the Holygrace Academy Library

Please use search bar below to get started

AQUATIC TURTLES (Record no. 6384)

MARC details
000 -LEADER
fixed length control field 00283nam a22001337a 4500
082 ## - DEWEY DECIMAL CLASSIFICATION NUMBER
Classification number 500
Item number BAR/A
100 ## - MAIN ENTRY--AUTHOR NAME
Personal name BARTLETT, R D
100 ## - MAIN ENTRY--AUTHOR NAME
Personal name BARTLETT, PATRICIA
245 ## - TITLE STATEMENT
Title AQUATIC TURTLES
Remainder of title REPTILE KEEPER'S GUIDES
260 ## - PUBLICATION, DISTRIBUTION, ETC. (IMPRINT)
Place of publication BARRONS
300 ## - PHYSICAL DESCRIPTION
Number of Pages 46
650 ## - SUBJECT ADDED ENTRY--TOPICAL TERM
Topical Term GK
942 ## - ADDED ENTRY ELEMENTS (KOHA)
Koha item type Books
Holdings
Withdrawn status Lost status Collection code Home library Current library Shelving location Date acquired Source of acquisition Cost, normal purchase price Full call number Accession Number Koha item type
    G.K Main Library Main Library SHELF-17E-SCIENCE RELATED BOOKS 29/10/2019 PURCHASE 20.00 500 BAR/A 11828 Books